Kluby w PlusLidze 26/27 - Statystyki

Ogólne statystyki
  • Ten quiz został rozwiązany 2 razy
  • Średni wynik to 12 z 14
Statystyki odpowiedzi
Klub % Poprawnych
AZS Olsztyn
100%
Barkom Każany Lwów
100%
Chks Chełm
100%
Norwid Częstochowa
100%
Projekt warszawa
100%
Resovia Rzeszów
100%
Skra Bełchatów
100%
Ślepsk Suwałki
100%
Trefl Gdańsk
100%
Warta Zawiercie
100%
Zaksa Kędzierzyn Koźle
100%
Gks Katowice
50%
Luk lublin
50%
Cuprum lublin
0%
Nie znaleziono quizów pasujących do podanych kryteriów
Rozkład punktacji
Procent ludzi z każdym wynikiem
Percentyl według liczby udzielonych odpowiedzi
Twoja historia wyników
Nie rozwiązałeś tego quizu